[Event "Cesenatico Open 2019"]
[Site "Cesenatico"]
[Date "2019.09.04"]
[Round "2"]
[White "Di Benedetto, Edoardo"]
[Black "Bolognese, Leonardo"]
[Result "1-0"]
[WhiteElo "2405"]
[BlackElo "2021"]
[Annotator "TA"]
[PlyCount "69"]
[EventDate "2019.09.01"]
[EventType "swiss"]
[EventCountry "ITA"]
[SourceTitle "playchess.com"]
[Source "ChessBase"]
[SourceQuality "1"]

{[%evp 23,69,9,20,-56,35,-22,62,53,70,53,83,14,184,178,190,164,123,104,93,100,502,510,448,514,479,498,492,489,489,490,489,483,412,406,539,538,874,861,858,853,1379,1298,5222,5222,5323,6121,5908,5908]} 1. d4 d5 2. c4 e6 3. Nc3 c6 4. e3 Nf6 5. Nf3 Nbd7 6. Bd3 dxc4 7. Bxc4 b5 8. Bd3 a6 9. e4 c5 10. e5 cxd4 11. Nxb5 axb5 12. exf6 gxf6 13. Qe2 {D49: Semi-Slav: Meran System: Main line with 9 e4 c5 10 e5 cxd4 11 Nxb5} ({White should try} 13. O-O $11) (13. O-O Qb6 14. Qe2 b4 15. Bf4 h5 16. Rfc1 Bc5 17. a4 bxa3 18. bxa3 Ba6 19. Rab1 Bxd3 20. Qxd3 Rxa3 21. Qxa3 Bxa3 22. Rxb6 Bxc1 {1-0 (45) Navara,D (2739)-Ding,L (2812) Shamkir 2019}) 13... Qb6 (13... Bb4+ $1 $15 14. Bd2 Bxd2+ 15. Qxd2 Qb6) 14. Bxb5 (14. O-O $14) 14... Bb7 ({Better is} 14... Bb4+ $11 15. Bd2 Bxd2+ 16. Nxd2 Ke7) 15. O-O $14 {White is slightly better.} Rg8 16. a4 {[%cal Ba2a4,Ba4b5][%mdl 32]} Bd6 17. Rd1 (17. g3 $1 $16) 17... Ra5 $146 {[#]} (17... Qc5 $1 $11 {and Black is okay.} 18. g3 Rg4) ({Predecessor:} 17... Ke7 18. g3 Ne5 19. Nxe5 fxe5 {½-½ (19) Schmidt,W (2360)-Schnitzer,P (2164) Police 2014}) 18. g3 $1 $18 Rxb5 19. axb5 Rg4 20. Nd2 Ne5 {Strongly threatening ...d3.} 21. Nc4 Nf3+ $2 {[%mdl 8192] [#]} (21... Qc5 $16 {is more resistant.}) 22. Qxf3 $1 {[%mdl 512]} Bxf3 23. Nxb6 Bxd1 24. Ra8+ Ke7 25. Bh6 {[%csl Ga8][%cal Rh6f8]} e5 26. Bf8+ Ke6 27. Re8+ Kf5 {aiming for ...Rg8.} 28. Bxd6 d3 {White must now prevent ...Bf3.} 29. Nd5 {White is clearly winning.} Rd4 30. Ne3+ {[%mdl 64] Double Attack} Ke4 31. Bc5 Ra4 32. Nxd1 {Threatens to win with Nc3+.} Ra1 33. Kg2 Rxd1 34. Rd8 Rc1 35. b4 {Accuracy: White = 63%, Black = 22%.} 1-0

[Event "Cesenatico Open 2019"]
[Site "Cesenatico"]
[Date "2019.09.04"]
[Round "2"]
[White "Genocchio, Daniele"]
[Black "Medici, Simone"]
[Result "1-0"]
[WhiteElo "2354"]
[BlackElo "2201"]
[Annotator "ChessBase"]
[PlyCount "77"]
[EventDate "2019.09.01"]
[EventType "swiss"]
[EventCountry "ITA"]
[SourceTitle "playchess.com"]
[Source "ChessBase"]
[SourceQuality "1"]
[TimeControl "40/6000:900"]

1. e4 {[%emt 0:10:00]} a6 {[%emt 0:00:00]} 2. d4 {[%emt 0:00:00]} e6 {[%emt 0:11:00]} 3. Bd3 {[%emt 0:01:00]} d5 {[%emt 0:00:00]} 4. e5 {[%emt 0:00:00]} c5 5. c3 {[%emt 0:00:00]} Nc6 {[%emt 0:00:00]} 6. Nf3 {[%emt 0:01:00]} Bd7 {[%emt 0:00:00]} 7. O-O {[%emt 0:01:00]} cxd4 {[%emt 0:00:00]} 8. cxd4 Nge7 {[%emt 0:16:00]} 9. Nc3 {[%emt 0:15:00]} b5 {[%emt 0:00:00]} 10. Be3 {[%emt 0:13:00]} Na5 {[%emt 0:09:00]} 11. Ng5 {[%emt 0:20:00]} h6 {[%emt 0:26:00]} 12. Nh7 {[%emt 0:01:00]} Nc4 {[%emt 0:00:00]} 13. Nxf8 {[%emt 0:01:00]} Kxf8 {[%emt 0:00:00]} 14. Bc1 {[%emt 0:01:00]} b4 {[%emt 0:00:00]} 15. Ne2 Qb6 {[%emt 0:02:00]} 16. a4 {[%emt 0:07:00]} Nf5 {[%emt 0:13:00]} 17. b3 {[%emt 0:00:00]} Na5 {[%emt 0:00:00]} 18. Be3 {[%emt 0:01:00]} Rc8 {[%emt 0:04:41]} 19. Rb1 {[%emt 0:09:41]} Nc6 {[%emt 0:00:00]} 20. Rc1 {[%emt 0:05:41]} g5 {[%emt 0:05:41]} 21. Ng3 {[%emt 0:01:57]} Nce7 {[%emt 0:04:39]} 22. Nh5 {[%emt 0:02:42]} Rc3 {[%emt 0:05:08]} 23. Nf6 {[%emt 0:06:39]} Be8 {[%emt 0:01:31]} 24. Qd2 {[%emt 0:00:00]} Rxb3 {[%emt 0:00:00]} 25. g4 {[%emt 0:00:00]} Nh4 {[%emt 0:00:40]} 26. f4 {[%emt 0:00:47]} Nc6 {[%emt 0:00:00]} 27. fxg5 {[%emt 0:00:00]} hxg5 {[%emt 0:00:00]} 28. Qf2 {[%emt 0:00:00]} Rxd3 {[%emt 0:00:00]} 29. Nd7+ {[%emt 0:00:00]} Kg8 {[%emt 0:00:04]} 30. Nxb6 {[%emt 0:00:00]} Rh7 {[%emt 0:00:00]} 31. Nc8 {[%emt 0:00:00]} Nxd4 {[%emt 0:00:01]} 32. Bxd4 {[%emt 0:00:00]} Bxa4 {[%emt 0:00:01]} 33. Nb6 {[%emt 0:00:00]} Nf3+ {[%emt 0:00:00]} 34. Qxf3 {[%emt 0:00:00]} Rxf3 {[%emt 0:00:00]} 35. Rxf3 Bb5 {[%emt 0:00:00]} 36. Rc8+ {[%emt 0:00:00]} Kg7 37. Rc7 {[%emt 0:00:00]} Be8 {[%emt 0:00:00]} 38. Nc8 Rh4 {[%emt 0:00:02]} 39. h3 1-0

[Event "Cesenatico Open 2019"]
[Site "Cesenatico"]
[Date "2019.09.04"]
[Round "2"]
[White "Loiacono, Leonardo"]
[Black "Voltolini, Giuseppe"]
[Result "1/2-1/2"]
[WhiteElo "2293"]
[BlackElo "2115"]
[Annotator "ChessBase"]
[PlyCount "129"]
[EventDate "2019.09.01"]
[EventType "swiss"]
[EventCountry "ITA"]
[SourceTitle "playchess.com"]
[Source "ChessBase"]
[SourceQuality "1"]
[TimeControl "40/6000:900"]

1. d4 {[%emt 0:00:00]} d5 {[%emt 0:00:00]} 2. c4 {[%emt 0:00:00]} e6 {[%emt 0:00:00]} 3. Nc3 {[%emt 0:00:00]} c5 {[%emt 0:00:00]} 4. cxd5 {[%emt 0:00:00]} exd5 {[%emt 0:00:00]} 5. Nf3 {[%emt 0:00:00]} Nc6 {[%emt 0:00:00]} 6. g3 Nf6 {[%emt 0:00:00]} 7. Bg2 {[%emt 0:00:00]} Be7 {[%emt 0:00:00]} 8. O-O O-O {[%emt 0:00:00]} 9. Bg5 {[%emt 0:00:00]} c4 {[%emt 0:00:00]} 10. Ne5 {[%emt 0:00:00]} Be6 {[%emt 0:01:00]} 11. Nxc6 {[%emt 0:06:00]} bxc6 {[%emt 0:18:00]} 12. Qc2 {[%emt 0:13:00]} h6 {[%emt 0:00:00]} 13. Bf4 {[%emt 0:01:00]} Qb6 {[%emt 0:01:00]} 14. Rfd1 {[%emt 0:04:00]} Rfd8 {[%emt 0:11:00]} 15. b3 {[%emt 0:10:00]} cxb3 {[%emt 0:03:00]} 16. axb3 {[%emt 0:00:00]} Rd7 {[%emt 0:03:00]} 17. Na4 {[%emt 0:00:00]} Qb5 {[%emt 0:11:00]} 18. Bf1 {[%emt 0:03:00]} g5 {[%emt 0:00:00]} 19. Bd2 {[%emt 0:01:00]} Ne4 {[%emt 0:11:00]} 20. Nc3 {[%emt 0:10:00]} Nxc3 {[%emt 0:00:00]} 21. Bxc3 {[%emt 0:00:00]} Rb7 {[%emt 0:06:00]} 22. Rdb1 Qb6 {[%emt 0:00:00]} 23. e3 {[%emt 0:11:00]} Qc7 {[%emt 0:07:00]} 24. Ba6 {[%emt 0:01:00]} Rbb8 {[%emt 0:00:00]} 25. Bd3 {[%emt 0:00:00]} Qd7 26. Bb2 {[%emt 0:03:00]} Rb6 {[%emt 0:04:00]} 27. Bc3 {[%emt 0:14:00]} Rbb8 {[%emt 0:00:00]} 28. Be1 {[%emt 0:00:00]} Rb7 {[%emt 0:00:00]} 29. Ra6 {[%emt 0:00:00]} Rb6 {[%emt 0:00:00]} 30. Ra2 {[%emt 0:00:00]} Rb7 {[%emt 0:00:00]} 31. Bd2 {[%emt 0:03:47]} Bh3 {[%emt 0:08:16]} 32. f3 {[%emt 0:03:10]} Be6 {[%emt 0:00:00]} 33. Bc1 {[%emt 0:00:00]} Rab8 {[%emt 0:00:00]} 34. Bd2 {[%emt 0:00:00]} Ra8 {[%emt 0:01:10]} 35. Be1 {[%emt 0:02:43]} Rab8 {[%emt 0:00:00]} 36. Ba5 {[%emt 0:00:00]} Ra8 {[%emt 0:00:00]} 37. Kf2 {[%emt 0:02:35]} Bb4 {[%emt 0:06:44]} 38. Bxb4 {[%emt 0:02:33]} Rxb4 {[%emt 0:00:00]} 39. Qc5 {[%emt 0:00:00]} Qb7 {[%emt 0:00:00]} 40. Bc2 {[%emt 0:00:00]} Rb5 {[%emt 0:01:45]} 41. Qc3 {[%emt 0:17:45]} a5 {[%emt 0:15:38]} 42. Rh1 {[%emt 0:00:00]} Qb6 {[%emt 0:00:00]} 43. g4 {[%emt 0:00:00]} Kf8 {[%emt 0:00:00]} 44. h4 {[%emt 0:00:00]} Ke7 45. hxg5 {[%emt 0:00:00]} hxg5 {[%emt 0:00:00]} 46. Rh5 Rg8 {[%emt 0:00:00]} 47. Ra3 {[%emt 0:00:00]} c5 {[%emt 0:00:00]} 48. Ra4 {[%emt 0:00:00]} cxd4 {[%emt 0:00:00]} 49. Qxd4 {[%emt 0:00:00]} Qxd4 {[%emt 0:00:00]} 50. Rxd4 {[%emt 0:00:00]} Rc5 {[%emt 0:00:00]} 51. Bd1 {[%emt 0:00:00]} Kf6 {[%emt 0:00:00]} 52. Rh6+ {[%emt 0:00:00]} Kg7 {[%emt 0:00:00]} 53. Rh2 {[%emt 0:00:00]} Rh8 {[%emt 0:00:00]} 54. Rxh8 {[%emt 0:00:00]} Kxh8 {[%emt 0:00:00]} 55. f4 {[%emt 0:00:00]} gxf4 {[%emt 0:00:00]} 56. exf4 {[%emt 0:00:00]} f6 {[%emt 0:00:00]} 57. f5 {[%emt 0:00:00]} Bf7 {[%emt 0:00:00]} 58. Ke3 {[%emt 0:00:00]} Kg7 {[%emt 0:00:00]} 59. Kf4 {[%emt 0:00:00]} Rb5 {[%emt 0:00:00]} 60. Ke3 {[%emt 0:00:00]} Kh6 {[%emt 0:00:00]} 61. Rd3 {[%emt 0:00:00]} Rb4 {[%emt 0:00:00]} 62. Rd4 {[%emt 0:02:42]} Rb5 {[%emt 0:00:00]} 63. Kd3 {[%emt 0:00:48]} Kg5 {[%emt 0:00:00]} 64. Ra4 {[%emt 0:00:00]} d4 {[%emt 0:00:00]} 65. Ra3 {[%emt 0:00:00]} 1/2-1/2

[Event "Cesenatico Open 2019"]
[Site "Cesenatico"]
[Date "2019.09.04"]
[Round "2"]
[White "Stromboli, Carlo"]
[Black "Marzano, Carlo"]
[Result "1/2-1/2"]
[WhiteElo "2270"]
[BlackElo "2109"]
[Annotator "ChessBase"]
[PlyCount "59"]
[EventDate "2019.09.01"]
[EventType "swiss"]
[EventCountry "ITA"]
[SourceTitle "playchess.com"]
[Source "ChessBase"]
[SourceQuality "1"]
[TimeControl "40/6000:900"]

1. e4 {[%emt 0:04:00]} e5 {[%emt 0:00:00]} 2. Nf3 {[%emt 0:01:00]} Nc6 {[%emt 0:06:00]} 3. d4 {[%emt 0:01:00]} exd4 {[%emt 0:00:00]} 4. Bc4 {[%emt 0:02:00]} Nf6 {[%emt 0:00:00]} 5. O-O {[%emt 0:02:00]} Nxe4 {[%emt 0:00:00]} 6. Re1 {[%emt 0:00:00]} d5 {[%emt 0:00:00]} 7. Bxd5 {[%emt 0:04:00]} Qxd5 {[%emt 0:00:00]} 8. Nc3 {[%emt 0:00:00]} Qh5 {[%emt 0:00:00]} 9. Nxe4 {[%emt 0:02:00]} Be6 10. Bg5 {[%emt 0:04:00]} Bd6 {[%emt 0:00:00]} 11. Nxd6+ {[%emt 0:07:00]} cxd6 12. Bf4 {[%emt 0:03:00]} Qd5 {[%emt 0:00:00]} 13. c3 O-O {[%emt 0:00:00]} 14. Nxd4 {[%emt 0:08:00]} Nxd4 {[%emt 0:00:00]} 15. Qxd4 Qxd4 {[%emt 0:00:00]} 16. cxd4 {[%emt 0:00:00]} d5 {[%emt 0:00:00]} 17. Re3 {[%emt 0:00:00]} Rfc8 {[%emt 0:00:00]} 18. Rb3 {[%emt 0:06:00]} b6 19. Rg3 {[%emt 0:00:00]} f6 {[%emt 0:00:00]} 20. Re1 Kf7 {[%emt 0:47:00]} 21. Rge3 {[%emt 0:11:00]} Rc6 {[%emt 0:00:00]} 22. h3 h5 {[%emt 0:00:00]} 23. Ra3 {[%emt 0:16:00]} Rc4 {[%emt 0:00:00]} 24. Rc1 {[%emt 0:19:00]} Rxd4 {[%emt 0:00:00]} 25. Be3 {[%emt 0:03:31]} Rb4 {[%emt 0:00:00]} 26. Rc7+ {[%emt 0:00:00]} Kg8 {[%emt 0:00:00]} 27. Rc6 Kf7 {[%emt 0:00:00]} 28. Rc7+ {[%emt 0:05:05]} Kg8 {[%emt 0:00:00]} 29. Rc6 {[%emt 0:00:00]} Kf7 {[%emt 0:00:00]} 30. Rc7+ {[%emt 0:00:00]} 1/2-1/2

[Event "Cesenatico Open 2019"]
[Site "Cesenatico"]
[Date "2019.09.04"]
[Round "2"]
[White "Damia, Angelo"]
[Black "Lalic, Bogdan"]
[Result "1/2-1/2"]
[WhiteElo "2240"]
[BlackElo "2418"]
[Annotator "TA"]
[PlyCount "38"]
[EventDate "2019.09.01"]
[EventType "swiss"]
[EventCountry "ITA"]
[SourceTitle "playchess.com"]
[Source "ChessBase"]
[SourceQuality "1"]

{[%evp 21,32,0,-5,-1,0,-13,0,0,0,0,0,0,0]} 1. e4 e5 2. Nf3 Nc6 3. Bc4 Bc5 4. b4 Bxb4 5. c3 Be7 6. d4 Na5 7. Nxe5 Nxc4 8. Nxc4 d5 9. exd5 Qxd5 10. Ne3 Qa5 11. O-O Nf6 {The position is equal.} 12. Qb3 {C51: Evans Gambit: Declined and Accepted without 5...Ba5} (12. c4 O-O 13. Bd2 Bb4 14. Bxb4 Qxb4 15. Qd3 b6 16. Nc3 Bd7 17. Rfd1 Rad8 18. a4 a5 19. h3 Qd6 {½-½ (30) Fressinet,L (2707)-Efimenko,Z (2701) Wijk aan Zee 2011}) 12... O-O 13. Ba3 Be6 14. c4 Bxa3 15. Qxa3 Qxa3 16. Nxa3 c6 {Predecessor:} 17. Rfb1 $146 Rab8 18. Nac2 Rfd8 19. f3 Rd7 {0-1 (29) Ezhov,S (527)-Herzog,K (1847) LSS email 2014} 1/2-1/2

[Event "Cesenatico Open 2019"]
[Site "Cesenatico"]
[Date "2019.09.04"]
[Round "2"]
[White "De Santis, Alessio"]
[Black "Djuric, Stefan"]
[Result "1/2-1/2"]
[WhiteElo "2209"]
[BlackElo "2358"]
[Annotator "TA"]
[PlyCount "109"]
[EventDate "2019.09.01"]
[EventType "swiss"]
[EventCountry "ITA"]
[SourceTitle "playchess.com"]
[Source "ChessBase"]
[SourceQuality "1"]

{[%evp 17,109,29,27,4,12,-10,27,26,44,20,38,31,29,37,49,16,22,25,28,16,30,23,53,39,68,46,112,43,76,69,116,88,92,37,89,89,89,89,89,89,89,89,89,89,163,164,427,0,252,180,167,222,186,159,174,60,51,51,62,62,78,62,67,70,101,0,0,0,0,0,0,0,0,0,0,0,0,0,0,0,0,0,0,0,0,0,0,0,0,0,0,0,0,0]} 1. b3 b6 2. Bb2 Bb7 3. Nf3 c5 4. c4 e6 5. e3 Nf6 6. Be2 Be7 7. O-O O-O 8. Nc3 a6 9. d4 d6 10. a3 {A30: Symmetrical English: Double Fianchetto and Hedgehog} Nbd7 11. b4 cxd4 $146 ({Predecessor:} 11... d5 12. dxc5 bxc5 13. b5 dxc4 14. Bxc4 Nb6 15. Be2 axb5 16. Bxb5 Qxd1 17. Rfxd1 Nbd5 {1-0 (45) Dimitrov,R (2437)-Ljangov,P (2105) Plovdiv 2012}) 12. Qxd4 {White has an edge.} Rc8 13. Rfd1 Rc7 14. e4 Qa8 15. Nd2 Rfc8 16. f3 Ne8 17. Qe3 Bf6 18. Na4 $36 {[%mdl 2048] White has some pressure.} Bxb2 19. Nxb2 Bc6 20. Nb3 e5 21. Rdc1 g6 (21... Qb8 $14) 22. h4 (22. a4 $16) 22... h5 23. a4 a5 24. b5 Bb7 25. Nd1 (25. Rd1 $16) 25... Nc5 (25... Qb8 $14) 26. Nxc5 $16 Rxc5 27. Nf2 Qa7 28. g4 Nf6 29. Rd1 Qb8 30. Ra2 Kg7 {[#]} (30... Qc7 $16) 31. Rad2 $1 $18 {[%cal Rd2d6]} hxg4 $2 (31... Rd8 32. Nd3 Rxc4) 32. fxg4 $2 (32. Rxd6 $18 g3 33. Ng4 (33. Rxb6 gxf2+ 34. Qxf2 Nh5 $17) 33... Nxg4 34. fxg4) 32... Ne8 $2 {[%mdl 8192]} (32... Rxc4 $11 33. Rxd6 (33. Bxc4 Rxc4 34. Qg5 Nxe4 $11) 33... Nxe4 34. Rxg6+ (34. Rxb6 Rc3 $15) 34... Kxg6) 33. g5 Rxc4 34. Bxc4 ({Worse is} 34. Qxb6 Rxa4 35. Qe3 Qc7 $11) 34... Rxc4 35. Qxb6 Rxa4 {[#]} 36. Rxd6 ({White should try} 36. Rc2 $1 $18) 36... Nxd6 $14 37. Rxd6 Qc8 38. Rd1 $1 Rd4 $1 {[%cal Rd4d1]} 39. Rxd4 exd4 40. Qxd4+ Kg8 41. Qa7 (41. Kg2 $16) 41... Bxe4 $11 {[%mdl 64] Decoy. The position is equal.} 42. Nxe4 Qg4+ {[%mdl 64] Double Attack} 43. Kf1 {White wants to mate with Nf6+.} Qxe4 44. Qxa5 {[%mdl 4096] Endgame KQ-KQ} Qf3+ 45. Ke1 Qe3+ 46. Kd1 Qd3+ 47. Kc1 Qc4+ 48. Kb2 Qe2+ $1 49. Kb3 {Qd8+ is the strong threat.} Qd3+ 50. Kb2 Qe2+ $1 51. Ka3 {Black must now prevent Qd8+.} Qd3+ 52. Ka4 {Strongly threatening Qa8+.} Qc2+ 53. Kb4 {Hoping for Qd8+.} Qd2+ 54. Ka4 Qa2+ 55. Kb4 {Accuracy: White = 51%, Black = 46%.} 1/2-1/2

[Event "Cesenatico Open 2019"]
[Site "Cesenatico"]
[Date "2019.09.04"]
[Round "2"]
[White "Carbone, Stefano"]
[Black "Dragojlovic, Andjelko"]
[Result "1/2-1/2"]
[WhiteElo "2138"]
[BlackElo "2293"]
[Annotator "ChessBase"]
[PlyCount "23"]
[EventDate "2019.09.01"]
[EventType "swiss"]
[EventCountry "ITA"]
[SourceTitle "playchess.com"]
[Source "ChessBase"]
[SourceQuality "1"]
[TimeControl "40/6000:900"]

1. Nf3 {[%emt 0:00:00]} c5 {[%emt 0:03:00]} 2. c4 {[%emt 0:00:00]} g6 {[%emt 0:00:00]} 3. g3 {[%emt 0:00:00]} Bg7 {[%emt 0:01:00]} 4. Bg2 {[%emt 0:00:00]} Nf6 5. O-O {[%emt 0:00:00]} O-O {[%emt 0:00:00]} 6. d4 {[%emt 0:00:00]} cxd4 {[%emt 0:00:00]} 7. Nxd4 {[%emt 0:00:00]} Nc6 {[%emt 0:00:00]} 8. Nc3 Nxd4 {[%emt 0:01:00]} 9. Qxd4 {[%emt 0:00:00]} d6 {[%emt 0:00:00]} 10. Qd3 {[%emt 0:04:00]} a6 {[%emt 0:01:00]} 11. Bd2 {[%emt 0:16:00]} Bf5 {[%emt 0:00:00]} 12. e4 {[%emt 0:00:00]} 1/2-1/2

[Event "Cesenatico Open 2019"]
[Site "Cesenatico"]
[Date "2019.09.04"]
[Round "2"]
[White "Drei, Andrea"]
[Black "Loiacono, Antonio"]
[Result "0-1"]
[WhiteElo "2137"]
[BlackElo "2282"]
[Annotator "ChessBase"]
[PlyCount "122"]
[EventDate "2019.09.01"]
[EventType "swiss"]
[EventCountry "ITA"]
[SourceTitle "playchess.com"]
[Source "ChessBase"]
[SourceQuality "1"]
[TimeControl "40/6000:900"]

1. e4 {[%emt 0:00:00]} e5 {[%emt 0:00:00]} 2. Nf3 {[%emt 0:00:00]} Nc6 {[%emt 0:01:00]} 3. Bb5 {[%emt 0:01:00]} g6 {[%emt 0:00:00]} 4. c3 {[%emt 0:00:00]} a6 5. Ba4 {[%emt 0:00:00]} Bg7 {[%emt 0:00:00]} 6. d4 {[%emt 0:00:00]} exd4 {[%emt 0:00:00]} 7. cxd4 {[%emt 0:00:00]} b5 {[%emt 0:00:00]} 8. Bc2 {[%emt 0:00:00]} d6 {[%emt 0:00:00]} 9. h3 {[%emt 0:01:00]} Nge7 {[%emt 0:00:00]} 10. O-O {[%emt 0:00:00]} O-O {[%emt 0:00:00]} 11. Nc3 {[%emt 0:04:00]} Bb7 12. Be3 {[%emt 0:04:00]} Na5 {[%emt 0:06:00]} 13. Qc1 {[%emt 0:06:00]} Nc4 14. Bh6 {[%emt 0:02:00]} c5 {[%emt 0:09:00]} 15. Bxg7 {[%emt 0:00:00]} Kxg7 {[%emt 0:00:00]} 16. dxc5 {[%emt 0:11:00]} dxc5 {[%emt 0:03:00]} 17. b3 {[%emt 0:00:00]} Nb6 {[%emt 0:02:00]} 18. a4 {[%emt 0:23:00]} b4 19. Rd1 {[%emt 0:02:00]} Qc7 {[%emt 0:12:00]} 20. a5 {[%emt 0:04:00]} Nd7 21. Ne2 {[%emt 0:02:00]} Rad8 {[%emt 0:08:00]} 22. h4 {[%emt 0:00:00]} Ne5 {[%emt 0:08:00]} 23. Qb2 {[%emt 0:21:56]} f6 {[%emt 0:01:00]} 24. Nxe5 {[%emt 0:00:00]} Qxe5 {[%emt 0:01:00]} 25. Qxe5 {[%emt 0:00:40]} fxe5 {[%emt 0:00:00]} 26. f3 {[%emt 0:01:21]} Nc6 {[%emt 0:00:00]} 27. Kf2 {[%emt 0:00:00]} Kf6 {[%emt 0:04:00]} 28. Ke3 {[%emt 0:08:06]} Rxd1 {[%emt 0:01:00]} 29. Bxd1 {[%emt 0:00:00]} Rd8 {[%emt 0:02:00]} 30. Bc2 {[%emt 0:00:12]} Bc8 {[%emt 0:04:00]} 31. Bd3 {[%emt 0:01:29]} Be6 {[%emt 0:01:00]} 32. Nc1 {[%emt 0:00:00]} Nd4 {[%emt 0:01:00]} 33. Rb1 {[%emt 0:03:30]} Rd6 {[%emt 0:00:00]} 34. Rb2 {[%emt 0:00:00]} h6 {[%emt 0:02:00]} 35. Bf1 {[%emt 0:00:08]} g5 36. hxg5+ {[%emt 0:00:00]} hxg5 {[%emt 0:01:00]} 37. Bd3 Rc6 {[%emt 0:03:00]} 38. g3 {[%emt 0:00:34]} Bf7 {[%emt 0:28:31]} 39. Rh2 {[%emt 0:00:35]} Kg7 {[%emt 0:00:00]} 40. Rb2 {[%emt 0:00:00]} Rh6 {[%emt 0:00:00]} 41. Bc4 {[%emt 0:04:31]} Rh3 {[%emt 0:00:00]} 42. Bxf7 {[%emt 0:00:00]} Kxf7 {[%emt 0:00:00]} 43. Nd3 {[%emt 0:02:53]} Rxg3 {[%emt 0:00:00]} 44. Nxe5+ {[%emt 0:00:01]} Ke6 {[%emt 0:00:00]} 45. Kf2 {[%emt 0:00:20]} Rh3 {[%emt 0:00:00]} 46. Kg2 {[%emt 0:00:00]} g4 {[%emt 0:15:03]} 47. f4 {[%emt 0:07:18]} Re3 {[%emt 0:00:00]} 48. Nxg4 {[%emt 0:00:00]} Rxe4 {[%emt 0:00:00]} 49. Kg3 {[%emt 0:00:07]} Ne2+ 50. Kf3 {[%emt 0:00:22]} Rxf4+ {[%emt 0:00:00]} 51. Kxe2 {[%emt 0:00:00]} Rxg4 {[%emt 0:00:00]} 52. Kf3 {[%emt 0:00:00]} Rh4 {[%emt 0:00:00]} 53. Rg2 Kd5 {[%emt 0:00:00]} 54. Rg6 {[%emt 0:00:00]} Rh3+ {[%emt 0:00:00]} 55. Ke2 {[%emt 0:00:00]} Rxb3 {[%emt 0:00:00]} 56. Rxa6 {[%emt 0:00:00]} Ra3 {[%emt 0:00:00]} 57. Kd2 {[%emt 0:00:00]} Kc4 {[%emt 0:00:00]} 58. Ra8 {[%emt 0:00:11]} Ra2+ {[%emt 0:00:00]} 59. Ke3 {[%emt 0:00:09]} b3 {[%emt 0:00:00]} 60. a6 {[%emt 0:00:00]} b2 {[%emt 0:00:00]} 61. Rb8 {[%emt 0:00:00]} Kc3 {[%emt 0:00:00]} 0-1

[Event "Cesenatico Open 2019"]
[Site "Cesenatico"]
[Date "2019.09.04"]
[Round "2"]
[White "Cocconcelli, Lorenzo"]
[Black "Schacher, Gerd"]
[Result "0-1"]
[WhiteElo "2113"]
[BlackElo "2311"]
[Annotator "ChessBase"]
[PlyCount "80"]
[EventDate "2019.09.01"]
[EventType "swiss"]
[EventCountry "ITA"]
[SourceTitle "playchess.com"]
[Source "ChessBase"]
[SourceQuality "1"]
[TimeControl "40/6000:900"]

1. d4 {[%emt 0:06:00]} g6 {[%emt 1:40:00]} 2. Nf3 {[%emt 0:00:00]} Bg7 {[%emt 0:00:00]} 3. c4 {[%emt 0:00:00]} c5 {[%emt 0:00:00]} 4. d5 {[%emt 0:00:00]} d6 {[%emt 0:00:00]} 5. g3 {[%emt 0:00:00]} b5 {[%emt 0:00:00]} 6. cxb5 {[%emt 0:00:00]} a6 {[%emt 0:00:00]} 7. bxa6 {[%emt 0:00:00]} Bxa6 {[%emt 0:00:00]} 8. Bg2 {[%emt 0:00:00]} Nd7 {[%emt 0:00:00]} 9. Nc3 {[%emt 0:00:00]} Ngf6 {[%emt 0:00:00]} 10. O-O Nb6 {[%emt 0:00:00]} 11. Re1 {[%emt 0:00:00]} O-O {[%emt 0:00:00]} 12. e4 {[%emt 0:02:00]} Nfd7 {[%emt 0:00:00]} 13. Qc2 {[%emt 0:01:00]} Nc4 14. Bf1 {[%emt 0:08:00]} Qa5 {[%emt 0:00:00]} 15. Bxc4 {[%emt 0:01:00]} Bxc4 {[%emt 0:00:00]} 16. Bf4 {[%emt 0:15:00]} Nb6 {[%emt 0:00:00]} 17. Nd2 {[%emt 0:00:00]} Qa6 {[%emt 0:00:00]} 18. a4 {[%emt 0:00:00]} Rfb8 {[%emt 0:00:00]} 19. Ra3 {[%emt 0:00:00]} Bd3 {[%emt 0:00:00]} 20. Qc1 {[%emt 0:00:00]} Qa5 {[%emt 0:00:00]} 21. e5 {[%emt 0:00:00]} Rd8 {[%emt 0:00:00]} 22. Rb3 {[%emt 0:00:00]} Qa6 {[%emt 0:00:00]} 23. Re3 {[%emt 0:00:00]} c4 {[%emt 0:00:00]} 24. Ra3 {[%emt 0:00:00]} dxe5 {[%emt 0:00:00]} 25. Bxe5 {[%emt 0:00:00]} Bh6 {[%emt 0:00:00]} 26. Bf4 {[%emt 0:00:00]} Bxf4 {[%emt 0:00:00]} 27. gxf4 {[%emt 0:00:00]} Nxd5 {[%emt 0:00:00]} 28. Nxd5 {[%emt 0:00:00]} Rxd5 {[%emt 0:00:00]} 29. Nf3 {[%emt 0:00:00]} Qf6 {[%emt 0:00:00]} 30. Re5 {[%emt 0:00:00]} Rd7 {[%emt 0:00:00]} 31. Qe3 {[%emt 0:00:00]} Rb7 {[%emt 0:00:00]} 32. b3 {[%emt 0:00:00]} Qd6 {[%emt 0:00:00]} 33. Qc1 {[%emt 0:00:00]} cxb3 {[%emt 0:00:00]} 34. Qb2 {[%emt 0:00:00]} Bc4 {[%emt 0:00:00]} 35. Nd2 {[%emt 0:00:00]} Be6 {[%emt 0:00:00]} 36. f5 {[%emt 0:00:00]} Bxf5 {[%emt 0:00:00]} 37. Re3 {[%emt 0:00:00]} Rb4 {[%emt 0:00:00]} 38. Raxb3 {[%emt 0:00:00]} Rbxa4 {[%emt 0:00:00]} 39. f3 {[%emt 0:00:00]} Ra2 {[%emt 0:00:00]} 40. Nc4 {[%emt 0:00:00]} Qd1+ {[%emt 0:00:00]} 0-1